10-Letter Words (A-Z) Quiz Stats

 Plays Quiz Updated Sep 4, 2015

Challenge
Share
Tweet
Score 0/130 Timer 12:00
2 Plays Today
% Correct
H+UJAH
83.6%
HALLELUJAH
80.5%
HALLELUJAH
80.5%
HALLELUJAH
80.5%
HALLELUJAH
80.5%
Y+YEAR
80.3%
G+TINE
77.5%
YESTERYEAR
77%
YESTERYEAR
77%
YESTERYEAR
77%
YESTERYEAR
77%
GUILLOTINE
74.1%
GUILLOTINE
74.1%
GUILLOTINE
74.1%
GUILLOTINE
74.1%
X+OBIA
65.1%
D+LING
65%
Z+WEAN
62.3%
P+PATH
62%
V+RIAN
62%
M+SCAR
61.8%
E+LENT
61.3%
XENOPHOBIA
61.2%
XENOPHOBIA
61.2%
XENOPHOBIA
61.2%
XENOPHOBIA
61.2%
DARJEELING
59.5%
DARJEELING
59.5%
DARJEELING
59.5%
DARJEELING
59.5%
PSYCHOPATH
58.1%
PSYCHOPATH
58.1%
PSYCHOPATH
58.1%
PSYCHOPATH
58.1%
MADAGASCAR
58%
MADAGASCAR
58%
MADAGASCAR
58%
MADAGASCAR
58%
Q+TINE
57.3%
VEGETARIAN
56.9%
VEGETARIAN
56.9%
VEGETARIAN
56.9%
VEGETARIAN
56.9%
ZIMBABWEAN
56.1%
% Correct
ZIMBABWEAN
56.1%
ZIMBABWEAN
56.1%
ZIMBABWEAN
56.1%
R+BALL
55.8%
EQUIVALENT
55.6%
EQUIVALENT
55.6%
EQUIVALENT
55.6%
EQUIVALENT
55.6%
U+TOUS
55%
QUARANTINE
53.6%
QUARANTINE
53.6%
QUARANTINE
53.6%
QUARANTINE
53.6%
S+LOGY
52.3%
J+RIAL
51.5%
A+NITY
50.3%
UBIQUITOUS
49.6%
UBIQUITOUS
49.6%
UBIQUITOUS
49.6%
UBIQUITOUS
49.6%
ROLLERBALL
49.6%
ROLLERBALL
49.6%
ROLLERBALL
49.6%
ROLLERBALL
49.6%
L+WISE
48.8%
SEISMOLOGY
47.6%
SEISMOLOGY
47.6%
SEISMOLOGY
47.6%
SEISMOLOGY
47.6%
T+ICAL
47.2%
JANITORIAL
46.4%
JANITORIAL
46.4%
JANITORIAL
46.4%
JANITORIAL
46.4%
I+ENCY
45.9%
W+OUSE
45.5%
LENGTHWISE
43.6%
LENGTHWISE
43.6%
LENGTHWISE
43.6%
LENGTHWISE
43.6%
F+DGET
43.2%
ALKALINITY
42.8%
ALKALINITY
42.8%
ALKALINITY
42.8%
% Correct
ALKALINITY
42.8%
TYRANNICAL
40.9%
TYRANNICAL
40.9%
TYRANNICAL
40.9%
TYRANNICAL
40.9%
B+SOME
39.7%
WHOREHOUSE
39.6%
WHOREHOUSE
39.6%
WHOREHOUSE
39.6%
WHOREHOUSE
39.6%
INSURGENCY
39.6%
INSURGENCY
39.6%
INSURGENCY
39.6%
INSURGENCY
39.6%
N+RTHY
38.9%
K+SQUE
36.9%
FUSSBUDGET
35.7%
FUSSBUDGET
35.7%
FUSSBUDGET
35.7%
FUSSBUDGET
35.7%
O+ORPE
34.6%
BURDENSOME
34.4%
BURDENSOME
34.4%
BURDENSOME
34.4%
BURDENSOME
34.4%
NOTEWORTHY
34.1%
NOTEWORTHY
34.1%
NOTEWORTHY
34.1%
NOTEWORTHY
34.1%
C+TURA
31.9%
KAFKAESQUE
29.5%
KAFKAESQUE
29.5%
KAFKAESQUE
29.5%
KAFKAESQUE
29.5%
OCTOTHORPE
26.6%
OCTOTHORPE
26.6%
OCTOTHORPE
26.6%
OCTOTHORPE
26.6%
COLORATURA
23.3%
COLORATURA
23.3%
COLORATURA
23.3%
COLORATURA
23.3%

You're not logged in!

Compare scores with friends on all Sporcle quizzes.
Join for Free
OR
Log In

You Might Also Like...

Show Comments

Extras

Top Quizzes Today


Score Distribution

Your Account Isn't Verified!

In order to create a playlist on Sporcle, you need to verify the email address you used during registration. Go to your Sporcle Settings to finish the process.

Report this User

Report this user for behavior that violates our Community Guidelines.

Details: